| 000 -CABECERA |
| campo de control de longitud fija |
00704nam a22002177a 4500 |
| 003 - IDENTIFICADOR DEL NÚMERO DE CONTROL |
| campo de control |
OSt |
| 005 - FECHA Y HORA DE LA ÚLTIMA TRANSACCIÓN |
| campo de control |
20220602103754.0 |
| 008 - DATOS DE LONGITUD FIJA--INFORMACIÓN GENERAL |
| campo de control de longitud fija |
150807s2015 pe 000 0 spa |
| 020 ## - NÚMERO INTERNACIONAL ESTÁNDAR DEL LIBRO |
| Número Internacional Estándar del Libro |
9786124673351 |
| 040 ## - FUENTE DE LA CATALOGACIÓN |
| Centro/agencia transcriptor |
Biblioteca Municipal de Cusco |
| 082 ## - NÚMERO DE LA CLASIFICACIÓN DECIMAL DEWEY |
| Número de clasificación |
869.56/S292 |
| Notación interna |
S292 |
| 100 1# - ENTRADA PRINCIPAL--NOMBRE DE PERSONA |
| Nombre de persona |
Schwalb, Carlos |
| Fechas asociadas al nombre |
1953- |
| Término indicativo de función/relación |
autor |
| 9 (RLIN) |
48040 |
| 245 10 - MENCIÓN DE TÍTULO |
| Título |
31 rupturas con lo cotidiano / |
| Mención de responsabilidad, etc. |
Carlos Schwalb Tola |
| 250 ## - MENCIÓN DE EDICIÓN |
| Mención de edición |
Primera edición |
| 264 #1 - PRODUCCIÓN, PUBLICACIÓN, DISTRIBUCIÓN, FABRICACIÓN Y COPYRIGHT |
| Producción, publicación, distribución, fabricación y copyright |
Lima : |
| Nombre del de productor, editor, distribuidor, fabricante |
Lápix Editores, |
| Producción, publicación, distribución, fabricación y copyright |
Ica : |
| Nombre del de productor, editor, distribuidor, fabricante |
Biblioteca Abraham Valdelomar, |
| Fecha de producción, publicación, distribución, fabricación o copyright |
2015. |
| 300 ## - DESCRIPCIÓN FÍSICA |
| Extensión |
144 páginas ; |
| Dimensiones |
21 cm |
| 500 ## - NOTA GENERAL |
| Nota general |
Relatos. |
| 650 ## - PUNTO DE ACCESO ADICIONAL DE MATERIA--TÉRMINO DE MATERIA |
| Término de materia o nombre geográfico como elemento de entrada |
Ensayos peruanos |
| Subdivisión cronológica |
Siglo XX |
| 9 (RLIN) |
48041 |
| 710 ## - PUNTO DE ACCESO ADICIONAL--NOMBRE DE ENTIDAD CORPORATIVA |
| Nombre de entidad corporativa o nombre de jurisdicción como elemento de entrada |
Biblioteca Abraham Valdelomar (Ica) |
| 9 (RLIN) |
48042 |
| 942 ## - ELEMENTOS DE PUNTO DE ACCESO ADICIONAL (KOHA) |
| Fuente del sistema de clasificación o colocación |
|
| Tipo de ítem Koha |
Libros-BMC |